Szegedi alkotók sikere a testvéri Cambridge-ben

Elmentve itt :
Bibliográfiai részletek
Dokumentumtípus: Cikk
Megjelent: 2010-09-25
Sorozat:Délmagyarország 100 No. 224
Kulcsszavak:Márkus Róbert, Szakács Nóra, Bubla Éva, Szeged, Képzőművészet festészet vendégkiállítás Cambridge (Anglia), Eseménynaptár Szeged 2010. 09.
Online Access:http://dmarchiv.bibl.u-szeged.hu/143441
LEADER 00561nab a2200145 i 4500
001 delm143441
005 20200211105302.0
008 200211s2010 hu o 0|| hun d
040 |a SZTE Délmagyarország Archívum  |b hun 
041 |a hun 
245 0 0 |a Szegedi alkotók sikere a testvéri Cambridge-ben  |h [elektronikus dokumentum] 
260 |c 2010-09-25 
300 |a 9 
490 0 |a Délmagyarország  |v 100 No. 224 
695 |a Márkus Róbert, Szakács Nóra, Bubla Éva, Szeged, Képzőművészet festészet vendégkiállítás Cambridge (Anglia), Eseménynaptár Szeged 2010. 09.